Pokémon - Attacken von Gengar in SD/LP - Statistiken

Allgemein
  • Dieses Quiz wurde 3 mal gespielt
  • Das Durchschnittsergebnis liegt bei 10 aus 66
Antwortstatistiken
Antwort % Korrekt
Spukball
100%
Donner
67%
Donnerblitz
67%
Horrorblick
67%
Psychokinese
67%
Schlecker
67%
Abgangsbund
33%
Abgesang
33%
Dunkelklaue
33%
Fluch
33%
Gegenstoß
33%
Gifthieb
33%
Gigastoß
33%
Hyperstrahl
33%
Hypnose
33%
Konfusstrahl
33%
Matschbombe
33%
Raub
33%
Regentanz
33%
Schutzschild
33%
Sonnentag
33%
Toxin
33%
Traumfresser
33%
Zauberschein
33%
Ableithieb
0%
Angeberei
0%
Anziehung
0%
Ausdauer
0%
Aussetzer
0%
Bizarroraum
0%
Bürde
0%
Delegator
0%
Donnerschlag
0%
Doppelteam
0%
Dunkelnebel
0%
Durchbruch
0%
Eishieb
0%
Energieball
0%
Erholung
0%
Erstauner
0%
Explosion
0%
Fähigkeitstausch
0%
Fassade
0%
Feuerschlag
0%
Finsteraura
0%
Finsterfaust
0%
Fokusstoß
0%
Folterknecht
0%
Gigasauger
0%
Grimasse
0%
Groll
0%
Irrlicht
0%
Klärsmog
0%
Nachspiel
0%
Nachtnebel
0%
Power-Punch
0%
Psycho-Plus
0%
Ränkeschmied
0%
Schlafrede
0%
Schleuder
0%
Smog
0%
Stärke
0%
Tiefschlag
0%
Typenspiegel
0%
Verhöhner
0%
Zertrümmerer
0%
Keine übereinstimmenden Quizze gefunden
Verteilung der Resultate
Anzahl Personen mit jedem Resultat
Perzentil nach korrekt beantworteten Fragen
Ihre Resultats-Entwicklung
Sie haben dieses Quiz noch nicht gespielt